书目信息 |
| 题名: |
先秦礼学思想与社会的整合
|
|
| 作者: | 刘丰 著 | |
| 分册: | ||
| 出版信息: | 北京 中国人民大学出版社 2003 |
|
| 页数: | 316页 | |
| 开本: | 21cm | |
| 丛书名: | 中国社会史研究丛书. 第二辑. 政治理念与中国社会 | |
| 单 册: | ||
| 中图分类: | K892.97 , B22 | |
| 科图分类: | ||
| 主题词: | 礼仪 , 思想史 , 礼仪--思想史--研究--中国--先秦时代 , 先秦哲学 | |
| 电子资源: | ||
| ISBN: | 7-300-04829-3 | |
| 000 | 01165nam0 2200325 450 | |
| 000 | 01147nam0 2200301 450 | |
| 000 | 01077nam0 2200277 450 | |
| 000 | 01040nam0 2200265 45 | |
| 005 | 20070722174252.37 | |
| 010 | @a7-300-04829-3@dCNY22.00 | |
| 100 | @a20070618d2003 em y0chiy0120 ea | |
| 101 | 0 | @achi |
| 102 | @aCN@b110000 | |
| 105 | @ay z 000yy | |
| 200 | 1 | @a先秦礼学思想与社会的整合@AXian Qin Li Xue Si Xiang Yu She Hui De Zheng He@f刘丰著@FLiu Feng Zhu |
| 210 | @a北京@c中国人民大学出版社@d2003 | |
| 215 | @a316页@d21cm | |
| 225 | 2 | @a中国社会史研究丛书. 第二辑. 政治理念与中国社会 |
| 300 | @a教育部人文社会科学重点研究基地基金资助 | |
| 330 | @a本书除绪论外包括:礼学思想的兴起、礼学思想的哲学基础、礼对人的控制、礼的社会控制——权力关系、礼与社会秩序的整合、结语:礼的社会价值——等级和谐等章节。 | |
| 410 | 0 | @12001 @a中国社会史研究丛书. 第二辑. 政治理念与中国社会 |
| 606 | 0 | @a礼仪 |
| 606 | 0 | @a思想史 |
| 606 | 0 | @a礼仪@x思想史@x研究@y中国@z先秦时代 |
| 606 | 0 | @a先秦哲学 |
| 690 | @aK892.97@v4 | |
| 690 | @aB22@v3 | |
| 701 | 0 | @a刘丰@ALiu Feng@f(1972.10~)@4著 |
| 801 | 0 | @aCN@bTAOJIN@c20070722 |
| 905 | @a10447@dB22@e327 | |
| 先秦礼学思想与社会的整合/刘丰著.-北京:中国人民大学出版社,2003 |
| 316页;21cm.-(中国社会史研究丛书. 第二辑. 政治理念与中国社会) |
| 教育部人文社会科学重点研究基地基金资助 |
| ISBN 7-300-04829-3:CNY22.00 |
| 本书除绪论外包括:礼学思想的兴起、礼学思想的哲学基础、礼对人的控制、礼的社会控制——权力关系、礼与社会秩序的整合、结语:礼的社会价值——等级和谐等章节。 |
| ● |
| 相关链接 |
|
|
|
|
正题名:先秦礼学思想与社会的整合
索取号:B22/327
 
预约/预借
| 序号 | 登录号 | 条形码 | 馆藏地/架位号 | 状态 | 备注 |
| 1 | 0823134 | 208231340 | 第一样本阅览室/ [索取号:B22/327] | 在馆 | |
| 2 | 0823135 | 208231359 | 教育系资料室/ [索取号:B22/327] | 在馆 | |
| 3 | 0823136 | 208231368 | 第一借阅区/ [索取号:B22/327] | 在馆 | |
| 4 | 0823137 | 208231377 | 第一借阅区/ [索取号:B22/327] | 在馆 | |
| 5 | 0823138 | 208231386 | 教育系资料室/ [索取号:B22/327] | 在馆 | |
| 6 | 0823139 | 208231395 | 教育系资料室/ [索取号:B22/327] | 在馆 | |
| 7 | 0823140 | 208231402 | 第一借阅区/ [索取号:B22/327] | 在馆 | |
| 8 | 0823141 | 208231411 | 第一借阅区/ [索取号:B22/327] | 在馆 |